00310nam a2200121Ia 4500003000400000005001700004008004100021020001800062040002000080100001200100245005600112260002000168OSt20231226060348.0170523s9999 xx 000 0 und d a9788120319523 cIIMT UNIVERSITY aKal- S. 0aBasic Electronics Devices- Circuits IT Fundamentals aNew Delhi : PHI